<?xml version="1.0" encoding="UTF-8"?>
<record
    xmlns:xsi="http://www.w3.org/2001/XMLSchema-instance"
    xsi:schemaLocation="http://www.loc.gov/MARC21/slim http://www.loc.gov/standards/marcxml/schema/MARC21slim.xsd"
    xmlns="http://www.loc.gov/MARC21/slim">

  <leader>03585nam a2200553Ia 4500</leader>
  <controlfield tag="001">4838</controlfield>
  <controlfield tag="008">241029s9999    xx            000 0 und d</controlfield>
  <datafield tag="010" ind1=" " ind2=" ">
    <subfield code="a">4573</subfield>
  </datafield>
  <datafield tag="041" ind1=" " ind2=" ">
    <subfield code="a">Espa&#xF1;ol</subfield>
  </datafield>
  <datafield tag="082" ind1=" " ind2=" ">
    <subfield code="a">NO APLICA</subfield>
  </datafield>
  <datafield tag="245" ind1=" " ind2="0">
    <subfield code="a">Incidencia de la implementaci&#xF3;n de la Jornada Escolar Extendida, en la gesti&#xF3;n de la calidad educativa, en la Escuela B&#xE1;sica Jos&#xE9; Altagracia Castillo,  Distrito Educativo 03-03, Municipio de Sabana Larga, Provincia San Jos&#xE9; de Ocoa, a&#xF1;o escolar 2014-2015</subfield>
  </datafield>
  <datafield tag="260" ind1=" " ind2=" ">
    <subfield code="a">Santo Domingo</subfield>
  </datafield>
  <datafield tag="300" ind1=" " ind2=" ">
    <subfield code="a">80</subfield>
  </datafield>
  <datafield tag="520" ind1=" " ind2=" ">
    <subfield code="a">48</subfield>
  </datafield>
  <datafield tag="630" ind1=" " ind2=" ">
    <subfield code="a">Calidad Educativa</subfield>
  </datafield>
  <datafield tag="630" ind1=" " ind2=" ">
    <subfield code="a">Gesti&#xF3;n Escolar</subfield>
  </datafield>
  <datafield tag="630" ind1=" " ind2=" ">
    <subfield code="a">Incidencia</subfield>
  </datafield>
  <datafield tag="650" ind1=" " ind2=" ">
    <subfield code="a">Jornada extendida</subfield>
  </datafield>
  <datafield tag="690" ind1=" " ind2=" ">
    <subfield code="a">Sintetizado</subfield>
  </datafield>
  <datafield tag="700" ind1=" " ind2=" ">
    <subfield code="e">asesor</subfield>
    <subfield code="a">Jimini&#xE1;n, Yanet Y. </subfield>
  </datafield>
  <datafield tag="700" ind1=" " ind2=" ">
    <subfield code="e">autor</subfield>
    <subfield code="a">Ger&#xF3;nimo Castillo, Nibelquis</subfield>
  </datafield>
  <datafield tag="700" ind1=" " ind2=" ">
    <subfield code="e">autor</subfield>
    <subfield code="a">Castillo Brea, Belkys Yolanda </subfield>
  </datafield>
  <datafield tag="901" ind1=" " ind2=" ">
    <subfield code="a">{"1":"Ger&#xF3;nimo Castillo","2":"Castillo Brea"}</subfield>
    <subfield code="b">{"1":"Nibelquis","2":"Belkys Yolanda "}</subfield>
  </datafield>
  <datafield tag="902" ind1=" " ind2=" ">
    <subfield code="a">1</subfield>
  </datafield>
  <datafield tag="903" ind1=" " ind2=" ">
    <subfield code="a">{"1":"Jimini&#xE1;n"}</subfield>
    <subfield code="b">{"1":"Yanet Y. "}</subfield>
  </datafield>
  <datafield tag="904" ind1=" " ind2=" ">
    <subfield code="a">Mag&#xED;ster en</subfield>
  </datafield>
  <datafield tag="905" ind1=" " ind2=" ">
    <subfield code="a">Gesti&#xF3;n de Centros Educativos</subfield>
  </datafield>
  <datafield tag="906" ind1=" " ind2=" ">
    <subfield code="a">2</subfield>
  </datafield>
  <datafield tag="907" ind1=" " ind2=" ">
    <subfield code="a">NO APLICA</subfield>
  </datafield>
  <datafield tag="908" ind1=" " ind2=" ">
    <subfield code="a">NO APLICA</subfield>
  </datafield>
  <datafield tag="909" ind1=" " ind2=" ">
    <subfield code="a">ISFODOSU, Recinto F&#xE9;lix Evaristo Mej&#xED;a</subfield>
  </datafield>
  <datafield tag="910" ind1=" " ind2=" ">
    <subfield code="a">NULL</subfield>
    <subfield code="b">NULL</subfield>
  </datafield>
  <datafield tag="911" ind1=" " ind2=" ">
    <subfield code="a">["1"]</subfield>
  </datafield>
  <datafield tag="912" ind1=" " ind2=" ">
    <subfield code="a">NO APLICA</subfield>
  </datafield>
  <datafield tag="913" ind1=" " ind2=" ">
    <subfield code="a">NULL</subfield>
  </datafield>
  <datafield tag="914" ind1=" " ind2=" ">
    <subfield code="a">06 de Julio de 2016</subfield>
  </datafield>
  <datafield tag="915" ind1=" " ind2=" ">
    <subfield code="a">12/12/16 02:12</subfield>
  </datafield>
  <datafield tag="916" ind1=" " ind2=" ">
    <subfield code="a">NULL</subfield>
  </datafield>
  <datafield tag="917" ind1=" " ind2=" ">
    <subfield code="a">NULL</subfield>
  </datafield>
  <datafield tag="918" ind1=" " ind2=" ">
    <subfield code="a">NO APLICA</subfield>
  </datafield>
  <datafield tag="919" ind1=" " ind2=" ">
    <subfield code="a">["29","201","209"]</subfield>
  </datafield>
  <datafield tag="520" ind1=" " ind2=" ">
    <subfield code="a">La investigaci&#xF3;n contempl&#xF3; como prop&#xF3;sito general,determinar la incidencia de la Implementaci&#xF3;n de la Jornada Escolar Extendida en la Gesti&#xF3;n de la Calidad Educativa en la Escuela B&#xE1;sica Jos&#xE9; Altagracia Castillo, del municipio de Sabana Larga, provincia San Jos&#xE9; de Ocoa. En este estudio, se tomaron en cuenta las variables que pueden facilitar o dificultar dicho proceso: la Jornada Escolar Extendida y Gesti&#xF3;n de la Calidad Educativa.&#xA0;El enfoque usado en esta investigaci&#xF3;n fue el cuantitativo, debido a que se utiliza la recolecci&#xF3;n y el an&#xE1;lisis de datos para contestar, preguntas de investigaci&#xF3;n, &#xA0; probar hip&#xF3;tesis establecidas previamente, &#xA0;y conf&#xED;a en la medici&#xF3;n num&#xE9;rica, el conteo y frecuentemente en el uso de la estad&#xED;stica para establecer con exactitud patrones de comportamiento de una poblaci&#xF3;n.Los resultados mostraron que la Jornada Escolar Extendida est&#xE1; contribuyendo a elevar la calidad educativa, as&#xED; los confirman los actores involucrados en el estudio, donde el 58% de los/as docentes afirman que la gesti&#xF3;n del equipo de gesti&#xF3;n es buena, el rendimiento acad&#xE9;mico valorado por los actores (equipo de gesti&#xF3;n, docentes, estudiantes) es muy bueno (80-89) para el 81% de los docentes. &#xA0;Los logros a partir de la implementaci&#xF3;n de la Jornada Escolar Extendida, de acuerdo a los actores son: mayor asistencia y puntualidad de los alumnos/as, para un 67% de acuerdo a los docentes y 52% de acuerdo a los/as estudiantes, mayor calidad en los aprendizajes, para un 58 % de acuerdo a los docentes y 65% de acuerdo a los/as estudiantes.Las principales recomendaciones estuvieron dirigidas al equipo de gesti&#xF3;n y docentes, se recomienda la elaboraci&#xF3;n del Proyecto Educativo de Centro (PEC), junto con los dem&#xE1;s actores, que se oriente la gesti&#xF3;n institucional y pedag&#xF3;gica y se ponga en pr&#xE1;ctica, hacer uso recursos tecnol&#xF3;gicos utilizando estrategias pedag&#xF3;gicas que fomenten aprendizaje de calidad.</subfield>
  </datafield>
  <datafield tag="921" ind1=" " ind2=" ">
    <subfield code="a">50</subfield>
  </datafield>
  <datafield tag="922" ind1=" " ind2=" ">
    <subfield code="a">50</subfield>
  </datafield>
  <datafield tag="923" ind1=" " ind2=" ">
    <subfield code="a">0</subfield>
  </datafield>
  <datafield tag="924" ind1=" " ind2=" ">
    <subfield code="a">NO APLICA</subfield>
  </datafield>
  <datafield tag="942" ind1=" " ind2=" ">
    <subfield code="c">Tesis</subfield>
  </datafield>
  <datafield tag="999" ind1=" " ind2=" ">
    <subfield code="c">4573</subfield>
    <subfield code="d">4573</subfield>
  </datafield>
</record>
